| 000 | 00345nam a22001457a 4500 | ||
|---|---|---|---|
| 020 | _a9789693510775 | ||
| 040 | _cnust | ||
| 082 |
_a891.4392 _bBAN |
||
| 100 |
_aBano Qudsia _99437 |
||
| 245 | _a Piya Naam Ka Diya | ||
| 260 |
_aLAHORE _bSang-E-Meel Publications _c2013 |
||
| 300 | _b391P | ||
| 650 | _2Urdu Literature-Drama | ||
| 942 |
_2ddc _cBK |
||
| 999 |
_c585807 _d585807 |
||